[Event "DEM U10w 2025"]
[Site "Willingen GER"]
[Date "2025.06.14"]
[Round "9"]
[White "Staudt, Merle"]
[Black "Kandora, Shirley"]
[Result "1/2-1/2"]
[Termination "normal"]
[Board "11"]
[WhiteElo "1569"]
[BlackElo "1579"]
[WhiteClock "01:14:17"]
[BlackClock "00:46:10"]
[PlyCount "104"]
[WhiteFideId "34631151"]
[BlackFideId "533016038"]
[EventCountry "GER"]
[EventRounds "9"]
[EventType "swiss"]
[EventDate "2025.06.07"]

1. e4 {[%clk 01:30:59]} e5 {[%clk 01:30:51]} {[%emt 00:00:09]} 2. d4 {[%clk
01:31:24]} {[%emt 00:00:05]} exd4 {[%clk 01:31:10]} {[%emt 00:00:10]} 3. Qxd4
{[%clk 01:31:50]} {[%emt 00:00:05]} Nc6 {[%clk 01:31:26]} {[%emt 00:00:14]} 4.
Qe3 {[%clk 01:32:13]} {[%emt 00:00:07]} Nf6 {[%clk 01:31:44]} {[%emt 00:00:12]}
5. Nc3 {[%clk 01:32:31]} {[%emt 00:00:12]} Bb4 {[%clk 01:32:02]} {[%emt
00:00:12]} 6. Bd2 {[%clk 01:32:33]} {[%emt 00:00:27]} O-O {[%clk 01:32:18]}
{[%emt 00:00:15]} 7. O-O-O {[%clk 01:32:35]} {[%emt 00:00:28]} Re8 {[%clk
01:32:28]} {[%emt 00:00:20]} 8. Bc4 {[%clk 01:32:53]} {[%emt 00:00:12]} Bxc3
{[%clk 01:30:41]} {[%emt 00:02:16]} 9. Bxc3 {[%clk 01:33:17]} {[%emt 00:00:07]}
Ne5 {[%clk 01:29:53]} {[%emt 00:01:17]} 10. Bb3 {[%clk 01:31:03]} {[%emt
00:02:45]} d6 {[%clk 01:25:07]} {[%emt 00:05:16]} 11. h3 {[%clk 01:23:25]}
{[%emt 00:08:09]} c5 {[%clk 01:24:23]} {[%emt 00:01:13]} 12. Nf3 {[%clk
01:21:59]} {[%emt 00:01:56]} Ng6 {[%clk 01:18:03]} {[%emt 00:06:46]} 13. Ng5
{[%clk 01:19:47]} {[%emt 00:02:46]} Nh8 {[%clk 01:10:54]} {[%emt 00:07:38]} 14.
e5 {[%clk 01:15:48]} {[%emt 00:04:30]} h6 {[%clk 01:08:00]} {[%emt 00:03:23]}
15. Rxd6 {[%clk 01:12:37]} {[%emt 00:03:42]} Qxd6 {[%clk 01:07:41]} {[%emt
00:00:48]} 16. exd6 {[%clk 01:12:53]} {[%emt 00:00:14]} Rxe3 {[%clk 01:07:48]}
{[%emt 00:00:23]} 17. fxe3 {[%clk 01:13:14]} {[%emt 00:00:10]} hxg5 {[%clk
01:07:53]} {[%emt 00:00:25]} 18. Bxf6 {[%clk 01:13:29]} {[%emt 00:00:15]} gxf6
{[%clk 01:07:59]} {[%emt 00:00:23]} 19. Rd1 {[%clk 01:13:51]} {[%emt 00:00:08]}
Bd7 {[%clk 01:06:56]} {[%emt 00:01:31]} 20. Rd5 {[%clk 01:13:07]} {[%emt
00:01:16]} Rd8 {[%clk 01:04:56]} {[%emt 00:02:30]} 21. g4 {[%clk 01:11:04]}
{[%emt 00:02:33]} Be6 {[%clk 01:01:21]} {[%emt 00:03:57]} 22. Rxc5 {[%clk
01:11:26]} {[%emt 00:00:16]} Rxd6 {[%clk 01:01:16]} {[%emt 00:00:34]} 23. Rc7
{[%clk 01:11:05]} {[%emt 00:00:52]} Rd7 {[%clk 01:00:03]} {[%emt 00:01:35]} 24.
Rc8+ {[%clk 01:11:19]} {[%emt 00:00:24]} Kg7 {[%clk 01:00:04]} {[%emt
00:00:28]} 25. Ba4 {[%clk 01:11:29]} {[%emt 00:00:20]} Rd1+ {[%clk 00:58:47]}
{[%emt 00:01:41]} 26. Kxd1 {[%clk 01:11:52]} {[%emt 00:00:13]} Bxc8 {[%clk
00:59:04]} {[%emt 00:00:13]} 27. c4 {[%clk 01:11:47]} {[%emt 00:00:35]} f5
{[%clk 00:59:06]} {[%emt 00:00:27]} 28. gxf5 {[%clk 01:12:07]} {[%emt
00:00:10]} Bxf5 {[%clk 00:59:23]} {[%emt 00:00:13]} 29. Ke2 {[%clk 01:12:07]}
{[%emt 00:00:31]} Bxh3 {[%clk 00:59:36]} {[%emt 00:00:17]} 30. Kf3 {[%clk
01:12:30]} {[%emt 00:00:07]} Ng6 {[%clk 00:58:57]} {[%emt 00:01:09]} 31. Bc2
{[%clk 01:12:04]} {[%emt 00:00:54]} Ne5+ {[%clk 00:58:59]} {[%emt 00:00:21]}
32. Kg3 {[%clk 01:12:27]} {[%emt 00:00:16]} g4 {[%clk 00:58:55]} {[%emt
00:00:34]} 33. c5 {[%clk 01:12:25]} {[%emt 00:00:33]} Nc4 {[%clk 00:58:30]}
{[%emt 00:00:51]} 34. b4 {[%clk 01:12:33]} {[%emt 00:00:25]} Nxe3 {[%clk
00:58:39]} {[%emt 00:00:21]} 35. Be4 {[%clk 01:12:49]} {[%emt 00:00:14]} Nf1+
{[%clk 00:57:51]} {[%emt 00:01:13]} 36. Kf2 {[%clk 01:13:05]} {[%emt 00:00:18]}
g3+ {[%clk 00:57:24]} {[%emt 00:00:57]} 37. Kg1 {[%clk 01:13:07]} {[%emt
00:00:28]} f5 {[%clk 00:56:18]} {[%emt 00:01:36]} 38. Bxb7 {[%clk 01:12:26]}
{[%emt 00:01:11]} f4 {[%clk 00:53:55]} {[%emt 00:02:52]} 39. Bg2 {[%clk
01:12:39]} {[%emt 00:00:16]} Nd2 {[%clk 00:53:13]} {[%emt 00:01:11]} 40. Bxh3
{[%clk 01:12:29]} {[%emt 00:00:42]} f3 {[%clk 00:53:21]} {[%emt 00:00:22]} 41.
Bf1 {[%clk 01:12:36]} {[%emt 00:00:24]} g2 {[%clk 00:44:45]} {[%emt 00:09:04]}
42. Bxg2 {[%clk 01:12:05]} {[%emt 00:01:02]} fxg2 {[%clk 00:44:49]} {[%emt
00:00:26]} 43. b5 {[%clk 01:11:57]} {[%emt 00:00:38]} Ne4 {[%clk 00:44:14]}
{[%emt 00:01:05]} 44. b6 {[%clk 01:12:18]} {[%emt 00:00:10]} axb6 {[%clk
00:44:28]} {[%emt 00:00:15]} 45. cxb6 {[%clk 01:12:38]} {[%emt 00:00:10]} Nc5
{[%clk 00:44:29]} {[%emt 00:00:29]} 46. a4 {[%clk 01:13:01]} {[%emt 00:00:07]}
Nb7 {[%clk 00:44:40]} {[%emt 00:00:19]} 47. Kxg2 {[%clk 01:13:25]} {[%emt
00:00:07]} Kf6 {[%clk 00:44:43]} {[%emt 00:00:27]} 48. Kf3 {[%clk 01:13:51]}
{[%emt 00:00:04]} Ke5 {[%clk 00:44:59]} {[%emt 00:00:14]} 49. Ke3 {[%clk
01:14:15]} {[%emt 00:00:06]} Kd5 {[%clk 00:45:17]} {[%emt 00:00:12]} 50. Kd3
{[%clk 01:14:35]} {[%emt 00:00:10]} Kc5 {[%clk 00:45:30]} {[%emt 00:00:16]} 51.
a5 {[%clk 01:14:01]} {[%emt 00:01:05]} Nxa5 {[%clk 00:45:47]} {[%emt 00:00:13]}
52. b7 {[%clk 01:14:17]} {[%emt 00:00:15]} Nxb7 {[%clk 00:46:10]} {[%emt
00:00:06]} 1/2-1/2

[Event "DEM U10w 2025"]
[Site "Willingen GER"]
[Date "2025.06.14"]
[Round "9"]
[White "Classen, Meara"]
[Black "Bräutigam, Viktoria"]
[Result "1/2-1/2"]
[Termination "normal"]
[Board "12"]
[WhiteElo "1459"]
[BlackElo "1569"]
[WhiteClock "00:58:25"]
[BlackClock "01:00:40"]
[PlyCount "90"]
[WhiteFideId "34626956"]
[BlackFideId "34638652"]
[EventCountry "GER"]
[EventRounds "9"]
[EventType "swiss"]
[EventDate "2025.06.07"]

1. e4 {[%clk 01:30:57]} {[%emt 00:00:03]} c5 {[%clk 01:30:53]} {[%emt
00:00:08]} 2. Nc3 {[%clk 01:31:21]} {[%emt 00:00:06]} e6 {[%clk 01:31:10]}
{[%emt 00:00:12]} 3. g3 {[%clk 01:31:28]} {[%emt 00:00:22]} Nc6 {[%clk
01:31:12]} {[%emt 00:00:29]} 4. Bg2 {[%clk 01:31:24]} {[%emt 00:00:34]} Be7
{[%clk 01:29:39]} {[%emt 00:02:03]} 5. Nge2 {[%clk 01:30:29]} {[%emt 00:01:24]}
Nf6 {[%emt 00:01:41]} 6. O-O {[%clk 01:29:38]} {[%emt 00:00:02]} O-O {[%clk
01:29:52]} {[%emt 00:00:26]} 7. Re1 {[%clk 01:28:16]} {[%emt 00:01:52]} d5
{[%clk 01:29:45]} {[%emt 00:00:35]} 8. exd5 {[%clk 01:28:25]} {[%emt 00:00:22]}
exd5 {[%emt 00:01:04]} 9. d4 {[%clk 01:28:19]} cxd4 {[%clk 01:28:46]} {[%emt
00:01:30]} 10. Nxd4 {[%clk 01:27:39]} {[%emt 00:01:11]} Bc5 {[%clk 01:26:24]}
{[%emt 00:02:52]} 11. Be3 {[%clk 01:25:16]} {[%emt 00:02:53]} Bb6 {[%clk
01:25:15]} {[%emt 00:01:39]} 12. Qd2 {[%clk 01:16:19]} {[%emt 00:09:27]} Re8
{[%clk 01:23:03]} {[%emt 00:02:35]} 13. Rad1 {[%clk 01:11:27]} {[%emt
00:05:29]} Ne4 {[%clk 01:17:51]} {[%emt 00:05:43]} 14. Nxe4 {[%clk 01:08:37]}
{[%emt 00:03:20]} dxe4 {[%clk 01:17:03]} {[%emt 00:01:16]} 15. Nxc6 {[%clk
01:08:25]} {[%emt 00:00:43]} Qxd2 {[%clk 01:16:28]} {[%emt 00:01:05]} 16. Rxd2
{[%clk 01:08:27]} {[%emt 00:00:29]} bxc6 {[%clk 01:16:01]} {[%emt 00:00:57]}
17. Bxb6 {[%clk 01:07:50]} {[%emt 00:01:07]} axb6 {[%clk 01:16:03]} {[%emt
00:00:27]} 18. Rxe4 {[%clk 01:08:00]} {[%emt 00:00:20]} Be6 {[%clk 01:14:38]}
{[%emt 00:01:55]} 19. a3 {[%clk 01:06:19]} {[%emt 00:02:13]} g6 {[%clk
01:13:58]} {[%emt 00:01:09]} 20. Red4 {[%clk 01:05:20]} {[%emt 00:01:28]} Rac8
{[%clk 01:13:08]} {[%emt 00:01:22]} 21. Rd6 {[%clk 01:03:23]} {[%emt 00:02:27]}
Bd5 {[%clk 01:12:46]} {[%emt 00:00:52]} 22. Bxd5 {[%clk 01:03:35]} {[%emt
00:00:18]} cxd5 {[%emt 00:00:21]} 23. R6xd5 {[%emt 00:00:12]} Re1+ {[%clk
01:11:47]} {[%emt 00:00:57]} 24. Kg2 {[%clk 01:03:54]} {[%emt 00:00:11]} Kg7
{[%clk 01:10:57]} {[%emt 00:01:21]} 25. Rb5 {[%clk 01:03:51]} {[%emt 00:00:32]}
Re6 {[%clk 01:10:52]} {[%emt 00:00:35]} 26. Rd7 {[%clk 01:02:46]} {[%emt
00:01:35]} Rxc2 {[%clk 01:10:24]} {[%emt 00:00:58]} 27. Rb7 {[%clk 01:02:49]}
{[%emt 00:00:26]} Ree2 {[%clk 01:10:20]} {[%emt 00:00:35]} 28. Rb3 {[%clk
01:00:22]} {[%emt 00:02:56]} Rxf2+ {[%clk 01:10:03]} {[%emt 00:00:47]} 29. Kh3
{[%clk 01:00:45]} {[%emt 00:00:08]} Rxh2+ {[%clk 01:10:11]} {[%emt 00:00:21]}
30. Kg4 {[%clk 01:01:08]} {[%emt 00:00:08]} Rxb2 {[%clk 01:10:10]} {[%emt
00:00:32]} 31. R7xb6 {[%clk 01:00:28]} {[%emt 00:01:10]} Rbf2 {[%clk 01:10:03]}
{[%emt 00:00:37]} 32. Rf3 {[%clk 00:58:49]} {[%emt 00:02:08]} f5+ {[%clk
01:09:19]} {[%emt 00:01:15]} 33. Kf4 {[%clk 00:58:33]} {[%emt 00:00:45]} g5+
{[%clk 01:08:45]} {[%emt 00:01:05]} 34. Ke3 {[%clk 00:58:42]} {[%emt 00:00:19]}
Rxf3+ {[%clk 01:07:13]} {[%emt 00:02:04]} 35. Kxf3 {[%clk 00:59:00]} {[%emt
00:00:11]} g4+ {[%clk 01:06:15]} {[%emt 00:01:29]} 36. Kf4 {[%clk 00:58:07]}
{[%emt 00:01:23]} Rf2+ {[%clk 01:06:25]} {[%emt 00:00:21]} 37. Kg5 {[%clk
00:57:03]} {[%emt 00:01:34]} Rf3 {[%clk 01:03:53]} {[%emt 00:03:02]} 38. Rb7+
{[%clk 00:56:48]} {[%emt 00:00:46]} Kg8 {[%clk 01:03:31]} {[%emt 00:00:52]} 39.
Kf6 {[%clk 00:57:01]} {[%emt 00:00:17]} h5 {[%clk 01:02:36]} {[%emt 00:01:25]}
40. Rb8+ {[%clk 00:56:59]} {[%emt 00:00:32]} Kh7 {[%clk 01:02:08]} {[%emt
00:00:57]} 41. Rb7+ {[%clk 00:57:16]} {[%emt 00:00:13]} Kg8 {[%clk 01:00:55]}
{[%emt 00:01:43]} 42. Rb8+ {[%clk 00:57:29]} {[%emt 00:00:17]} Kh7 {[%clk
01:00:57]} {[%emt 00:00:28]} 43. Rb7+ {[%clk 00:57:50]} {[%emt 00:00:10]} Kh6
{[%clk 01:00:28]} {[%emt 00:00:59]} 44. Rb8 {[%clk 00:58:11]} {[%emt 00:00:09]}
Kh7 {[%clk 01:00:34]} {[%emt 00:00:23]} 45. Rb7+ {[%clk 00:58:25]} {[%emt
00:00:17]} Kh6 {[%clk 01:00:40]} {[%emt 00:00:24]} 1/2-1/2

[Event "DEM U10w 2025"]
[Site "Willingen GER"]
[Date "2025.06.14"]
[Round "9"]
[White "Mudriievskaya, Esther"]
[Black "Winkler, Anni"]
[Result "0-1"]
[Termination "normal"]
[Board "13"]
[WhiteElo "1505"]
[BlackElo "1659"]
[WhiteClock "00:11:54"]
[BlackClock "00:07:19"]
[PlyCount "120"]
[WhiteFideId "34676465"]
[BlackFideId "34622349"]
[EventCountry "GER"]
[EventRounds "9"]
[EventType "swiss"]
[EventDate "2025.06.07"]

1. e4 {[%clk 01:30:50]} {[%emt 00:00:08]} d6 {[%clk 01:30:18]} {[%emt
00:00:43]} 2. d4 {[%clk 01:29:55]} {[%emt 00:01:25]} Nf6 {[%clk 01:29:22]}
{[%emt 00:01:25]} 3. Nc3 {[%clk 01:28:06]} {[%emt 00:02:20]} Nbd7 {[%clk
01:27:04]} {[%emt 00:02:48]} 4. Nf3 {[%clk 01:25:14]} {[%emt 00:03:21]} e5
{[%clk 01:23:03]} {[%emt 00:04:33]} 5. Bc4 {[%clk 01:17:31]} {[%emt 00:08:13]}
Be7 {[%clk 01:21:00]} {[%emt 00:02:33]} 6. O-O {[%clk 01:14:20]} {[%emt
00:03:41]} O-O {[%clk 01:21:13]} {[%emt 00:00:17]} 7. Be3 {[%clk 01:11:43]}
{[%emt 00:03:06]} c6 {[%clk 01:14:42]} {[%emt 00:07:01]} 8. Qe2 {[%clk
01:05:19]} {[%emt 00:06:43]} Qc7 {[%clk 01:06:43]} {[%emt 00:08:40]} 9. Nd2
{[%clk 01:01:32]} {[%emt 00:04:17]} b5 {[%clk 01:01:04]} {[%emt 00:06:10]} 10.
Bb3 {[%clk 00:56:24]} {[%emt 00:05:32]} a5 {[%clk 00:57:16]} {[%emt 00:04:24]}
11. a4 {[%clk 00:52:59]} {[%emt 00:03:55]} b4 {[%clk 00:52:36]} {[%emt
00:05:10]} 12. Na2 {[%clk 00:51:04]} {[%emt 00:02:24]} Ba6 {[%clk 00:50:19]}
{[%emt 00:02:49]} 13. Bc4 {[%clk 00:47:11]} {[%emt 00:04:22]} Bxc4 {[%clk
00:48:07]} {[%emt 00:02:41]} 14. Qxc4 {[%clk 00:46:56]} {[%emt 00:00:45]} Rac8
{[%clk 00:43:29]} {[%emt 00:05:09]} 15. f4 {[%clk 00:42:37]} {[%emt 00:04:49]}
Ng4 {[%clk 00:36:57]} {[%emt 00:06:56]} 16. Qd3 {[%clk 00:40:21]} {[%emt
00:02:51]} Nxe3 {[%clk 00:36:16]} {[%emt 00:01:13]} 17. Qxe3 {[%clk 00:40:41]}
{[%emt 00:00:09]} Bf6 {[%clk 00:32:14]} {[%emt 00:04:31]} 18. dxe5 {[%clk
00:39:50]} {[%emt 00:01:21]} dxe5 {[%clk 00:32:24]} {[%emt 00:00:20]} 19. fxe5
{[%clk 00:40:00]} {[%emt 00:00:19]} Bxe5 {[%clk 00:32:33]} {[%emt 00:00:23]}
20. Nc4 {[%clk 00:38:04]} {[%emt 00:02:26]} Bxh2+ {[%clk 00:31:51]} {[%emt
00:01:12]} 21. Kh1 {[%clk 00:37:43]} {[%emt 00:00:49]} Be5 {[%clk 00:31:07]}
{[%emt 00:01:09]} 22. Nxe5 {[%clk 00:33:43]} {[%emt 00:04:37]} Qxe5 {[%clk
00:30:39]} {[%emt 00:00:57]} 23. c3 {[%clk 00:32:54]} {[%emt 00:01:21]} c5
{[%clk 00:26:53]} {[%emt 00:04:14]} 24. Rf5 {[%clk 00:31:27]} {[%emt 00:01:57]}
Qe7 {[%clk 00:26:05]} {[%emt 00:01:04]} 25. cxb4 {[%clk 00:30:34]} {[%emt
00:01:37]} axb4 {[%clk 00:25:28]} {[%emt 00:01:08]} 26. Nc1 {[%clk 00:29:36]}
{[%emt 00:01:26]} g6 {[%clk 00:24:47]} {[%emt 00:01:11]} 27. Rg5 {[%clk
00:27:34]} {[%emt 00:02:32]} Rc6 {[%clk 00:23:16]} {[%emt 00:01:59]} 28. Nd3
{[%clk 00:26:10]} {[%emt 00:01:51]} f5 {[%clk 00:21:47]} {[%emt 00:02:04]} 29.
Re1 {[%clk 00:23:35]} {[%emt 00:03:06]} f4 {[%clk 00:20:18]} {[%emt 00:01:59]}
30. Qh3 {[%clk 00:19:17]} {[%emt 00:04:43]} Qxg5 {[%clk 00:20:08]} {[%emt
00:00:44]} 31. Qxd7 {[%clk 00:19:33]} {[%emt 00:00:15]} Qh4+ {[%clk 00:20:19]}
{[%emt 00:00:17]} 32. Kg1 {[%clk 00:19:18]} {[%emt 00:00:47]} Rcc8 {[%clk
00:18:53]} {[%emt 00:01:51]} 33. Rf1 {[%clk 00:18:14]} {[%emt 00:01:38]} Rcd8
{[%clk 00:17:48]} {[%emt 00:01:33]} 34. Qe6+ {[%clk 00:18:08]} {[%emt
00:00:37]} Kh8 {[%clk 00:17:28]} {[%emt 00:00:49]} 35. Nxc5 {[%clk 00:17:35]}
{[%emt 00:01:02]} Rde8 {[%clk 00:16:51]} {[%emt 00:01:08]} 36. Qd6 {[%clk
00:15:28]} {[%emt 00:02:37]} Qg3 {[%clk 00:15:55]} {[%emt 00:01:20]} 37. Qd4+
{[%clk 00:15:07]} {[%emt 00:00:58]} Kg8 {[%clk 00:15:51]} {[%emt 00:00:32]} 38.
Qxb4 {[%clk 00:14:11]} {[%emt 00:01:27]} f3 {[%clk 00:15:40]} {[%emt 00:00:40]}
39. Qb3+ {[%clk 00:13:46]} {[%emt 00:00:57]} Kh8 {[%clk 00:11:28]} {[%emt
00:04:41]} 40. Rxf3 {[%clk 00:13:39]} {[%emt 00:00:38]} Rxf3 {[%clk 00:10:29]}
{[%emt 00:01:29]} 41. Qxf3 {[%clk 00:13:59]} {[%emt 00:00:09]} Qe1+ {[%clk
00:10:13]} {[%emt 00:00:45]} 42. Qf1 {[%clk 00:13:50]} {[%emt 00:00:41]} Qxf1+
{[%clk 00:10:22]} {[%emt 00:00:21]} 43. Kxf1 {[%clk 00:14:14]} {[%emt
00:00:06]} Rc8 {[%clk 00:10:05]} {[%emt 00:00:46]} 44. b4 {[%clk 00:14:11]}
{[%emt 00:00:35]} Rb8 {[%clk 00:10:10]} {[%emt 00:00:21]} 45. b5 {[%clk
00:14:10]} {[%emt 00:00:35]} Rc8 {[%clk 00:10:22]} {[%emt 00:00:17]} 46. Nb3
{[%clk 00:13:21]} {[%emt 00:01:20]} Rc4 {[%clk 00:10:00]} {[%emt 00:00:50]} 47.
a5 {[%clk 00:12:40]} {[%emt 00:01:14]} Rb4 {[%clk 00:09:01]} {[%emt 00:01:26]}
48. Nd2 {[%clk 00:11:42]} {[%emt 00:01:30]} Rxb5 {[%clk 00:09:20]} {[%emt
00:00:11]} 49. Nc4 {[%clk 00:11:37]} {[%emt 00:00:35]} Rc5 {[%clk 00:09:26]}
{[%emt 00:00:19]} 50. Nb6 {[%clk 00:10:20]} {[%emt 00:01:52]} Rxa5 {[%clk
00:09:21]} {[%emt 00:00:34]} 51. Ke2 {[%clk 00:10:15]} {[%emt 00:00:36]} Kg7
{[%clk 00:09:12]} {[%emt 00:00:38]} 52. Kf3 {[%clk 00:10:36]} {[%emt 00:00:09]}
Kf6 {[%clk 00:08:26]} {[%emt 00:01:15]} 53. Kf4 {[%clk 00:10:08]} {[%emt
00:00:57]} g5+ {[%clk 00:08:17]} {[%emt 00:00:39]} 54. Kg4 {[%clk 00:10:27]}
{[%emt 00:00:10]} Rb5 {[%clk 00:06:41]} {[%emt 00:01:52]} 55. Nd7+ {[%emt
00:01:08]} Ke7 {[%clk 00:06:30]} {[%emt 00:00:24]} 56. Nb6 {[%clk 00:10:20]}
{[%emt 00:00:32]} Rxb6 {[%clk 00:06:45]} {[%emt 00:00:15]} 57. Kxg5 {[%clk
00:10:42]} {[%emt 00:00:06]} Rg6+ {[%clk 00:06:38]} {[%emt 00:00:36]} 58. Kf5
{[%clk 00:11:07]} {[%emt 00:00:07]} Rxg2 {[%clk 00:06:57]} {[%emt 00:00:12]}
59. e5 {[%clk 00:11:29]} {[%emt 00:00:07]} h5 {[%clk 00:07:06]} {[%emt
00:00:17]} 60. e6 {[%clk 00:11:54]} {[%emt 00:00:08]} h4 {[%clk 00:07:19]}
{[%emt 00:00:15]} 0-1

[Event "DEM U10w 2025"]
[Site "Willingen GER"]
[Date "2025.06.14"]
[Round "9"]
[White "Hirtzel, Hanna Meiki"]
[Black "Missova, Dimana"]
[Result "1-0"]
[Termination "normal"]
[Board "14"]
[WhiteElo "984"]
[BlackElo "945"]
[WhiteClock "01:10:07"]
[BlackClock "01:14:52"]
[PlyCount "57"]
[WhiteFideId "533040648"]
[BlackFideId "533043582"]
[EventCountry "GER"]
[EventRounds "9"]
[EventType "swiss"]
[EventDate "2025.06.07"]

1. d4 {[%clk 01:30:58]} d5 {[%clk 01:30:55]} {[%emt 00:00:05]} 2. c4 {[%clk
01:31:23]} {[%emt 00:00:05]} e6 {[%clk 01:31:16]} {[%emt 00:00:09]} 3. cxd5
{[%clk 01:31:47]} {[%emt 00:00:07]} exd5 {[%clk 01:31:40]} {[%emt 00:00:06]} 4.
Nc3 {[%clk 01:32:08]} {[%emt 00:00:08]} c6 {[%clk 01:31:57]} {[%emt 00:00:13]}
5. Bf4 {[%clk 01:32:10]} {[%emt 00:00:27]} Bd6 {[%clk 01:32:15]} {[%emt
00:00:13]} 6. Bxd6 {[%clk 01:32:27]} {[%emt 00:00:12]} Qxd6 {[%clk 01:32:37]}
{[%emt 00:00:09]} 7. e3 {[%clk 01:32:17]} {[%emt 00:00:40]} Nf6 {[%clk
01:32:49]} {[%emt 00:00:18]} 8. Bd3 {[%clk 01:32:24]} {[%emt 00:00:22]} Be6
{[%clk 01:32:42]} {[%emt 00:00:38]} 9. Nge2 {[%clk 01:31:53]} {[%emt 00:00:51]}
Qd7 {[%clk 01:32:09]} {[%emt 00:01:12]} 10. Qc2 {[%clk 01:30:47]} {[%emt
00:01:29]} h6 {[%emt 00:02:20]} 11. O-O-O {[%clk 01:29:38]} {[%emt 00:00:07]}
Qd6 {[%clk 01:31:30]} {[%emt 00:00:58]} 12. f3 {[%clk 01:28:16]} {[%emt
00:01:53]} O-O {[%clk 01:31:25]} {[%emt 00:00:35]} 13. g4 {[%clk 01:27:42]}
{[%emt 00:01:04]} c5 {[%clk 01:29:57]} {[%emt 00:01:57]} 14. dxc5 {[%clk
01:26:50]} {[%emt 00:01:22]} Qxc5 {[%clk 01:30:05]} {[%emt 00:00:20]} 15. Qd2
{[%clk 01:23:30]} {[%emt 00:03:38]} Nc6 {[%clk 01:29:25]} {[%emt 00:01:24]} 16.
Kb1 {[%clk 01:21:59]} {[%emt 00:01:59]} Ne5 {[%clk 01:27:42]} {[%emt 00:02:16]}
17. Nd4 {[%clk 01:18:25]} {[%emt 00:03:40]} Rfe8 {[%clk 01:25:55]} {[%emt
00:02:40]} 18. h4 {[%clk 01:16:16]} {[%emt 00:02:40]} Nxd3 {[%clk 01:25:19]}
{[%emt 00:01:07]} 19. Qxd3 {[%clk 01:16:24]} {[%emt 00:00:22]} Qc4 {[%clk
01:24:49]} {[%emt 00:00:59]} 20. Qxc4 {[%clk 01:15:58]} {[%emt 00:00:55]} dxc4
{[%clk 01:25:10]} {[%emt 00:00:10]} 21. Rh2 {[%clk 01:15:46]} {[%emt 00:00:36]}
Kf8 {[%clk 01:22:54]} {[%emt 00:02:51]} 22. Ncb5 {[%clk 01:14:11]} {[%emt
00:01:55]} Rec8 {[%clk 01:20:08]} {[%emt 00:03:25]} 23. g5 {[%clk 01:13:18]}
{[%emt 00:01:25]} hxg5 {[%clk 01:19:32]} {[%emt 00:01:05]} 24. hxg5 {[%clk
01:13:39]} {[%emt 00:00:11]} Ng8 {[%clk 01:18:56]} {[%emt 00:01:05]} 25. Nxe6+
{[%clk 01:11:15]} {[%emt 00:02:55]} fxe6 {[%clk 01:18:58]} {[%emt 00:00:16]}
26. Rd7 {[%clk 01:11:07]} {[%emt 00:00:39]} a6 {[%clk 01:16:04]} {[%emt
00:03:36]} 27. Nd6 {[%clk 01:10:00]} {[%emt 00:01:24]} Ne7 {[%clk 01:14:30]}
{[%emt 00:02:15]} 28. Rh8+ {[%clk 01:09:54]} {[%emt 00:00:32]} Ng8 {[%clk
01:14:52]} {[%emt 00:00:14]} 29. Rf7# {[%clk 01:10:07]} {[%emt 00:00:13]} 1-0

[Event "DEM U10w 2025"]
[Site "Willingen GER"]
[Date "2025.06.14"]
[Round "9"]
[White "He, Siqi"]
[Black "Bacakova, Johanna"]
[Result "0-1"]
[Termination "normal"]
[Board "15"]
[WhiteElo "952"]
[BlackElo "1444"]
[WhiteClock "01:13:27"]
[BlackClock "00:53:22"]
[PlyCount "44"]
[WhiteFideId "34682708"]
[BlackFideId "533006849"]
[EventCountry "GER"]
[EventRounds "9"]
[EventType "swiss"]
[EventDate "2025.06.07"]

1. e4 {[%clk 01:30:55]} {[%emt 00:00:04]} e5 {[%clk 01:30:55]} {[%emt
00:00:06]} 2. Nf3 {[%clk 01:31:16]} {[%emt 00:00:09]} Nf6 {[%clk 01:31:17]}
{[%emt 00:00:07]} 3. Nxe5 {[%clk 01:31:31]} {[%emt 00:00:11]} Nc6 {[%clk
01:31:41]} {[%emt 00:00:10]} 4. Nxc6 {[%clk 01:31:50]} {[%emt 00:00:09]} dxc6
{[%clk 01:32:07]} {[%emt 00:00:07]} 5. e5 {[%clk 01:32:09]} {[%emt 00:00:11]}
Ne4 {[%clk 01:32:31]} {[%emt 00:00:07]} 6. f3 {[%clk 01:31:59]} {[%emt
00:00:37]} Nc5 {[%clk 01:31:01]} {[%emt 00:02:03]} 7. d4 {[%clk 01:26:34]}
{[%emt 00:05:54]} Ne6 {[%clk 01:30:50]} {[%emt 00:00:42]} 8. Be3 {[%clk
01:24:52]} {[%emt 00:02:11]} Be7 {[%clk 01:25:29]} {[%emt 00:05:52]} 9. Nc3
{[%clk 01:24:24]} {[%emt 00:00:59]} O-O {[%clk 01:22:41]} {[%emt 00:03:17]} 10.
d5 {[%clk 01:23:20]} {[%emt 00:01:35]} cxd5 {[%clk 01:22:36]} {[%emt 00:00:35]}
11. Nxd5 {[%clk 01:22:20]} {[%emt 00:01:30]} c6 {[%clk 01:20:27]} {[%emt
00:02:39]} 12. Nxe7+ {[%clk 01:22:00]} {[%emt 00:00:50]} Qxe7 {[%clk 01:20:37]}
{[%emt 00:00:18]} 13. Bd3 {[%clk 01:21:12]} {[%emt 00:01:18]} Rd8 {[%clk
01:13:14]} {[%emt 00:07:54]} 14. c3 {[%clk 01:15:03]} {[%emt 00:06:41]} Qd7
{[%clk 01:09:11]} {[%emt 00:04:33]} 15. Bc2 {[%clk 01:14:13]} {[%emt 00:01:20]}
Qc7 {[%clk 01:07:35]} {[%emt 00:02:05]} 16. Qb1 {[%clk 01:14:20]} {[%emt
00:00:22]} Nf8 {[%clk 01:01:47]} {[%emt 00:06:19]} 17. Bc5 {[%clk 01:14:17]}
{[%emt 00:00:31]} Qxe5+ {[%clk 00:59:19]} {[%emt 00:02:59]} 18. Be4 {[%clk
01:13:54]} {[%emt 00:00:52]} Qxc5 {[%clk 00:59:19]} {[%emt 00:00:32]} 19. b4
{[%clk 01:13:53]} {[%emt 00:00:31]} Qe3+ {[%clk 00:58:34]} {[%emt 00:01:15]}
20. Kf1 {[%clk 01:14:08]} {[%emt 00:00:13]} Rd2 {[%clk 00:57:09]} {[%emt
00:01:57]} 21. Qe1 {[%clk 01:14:27]} {[%emt 00:00:09]} Qg5 {[%clk 00:53:04]}
{[%emt 00:04:37]} 22. h4 {[%clk 01:13:27]} {[%emt 00:01:26]} Qxg2# {[%clk
00:53:22]} {[%emt 00:00:16]} 0-1